Verbandsgemeinden im LK Trier Saarburg - Statistiken

Allgemein
  • Dieses Quiz wurde 34 mal gespielt
  • Das Durchschnittsergebnis liegt bei 5 aus 6
Antwortstatistiken
Himmelsrichtung Verbandsgemeinde % Korrekt
Süd Saarburg-Kell
90%
Ost Hermeskeil
81%
West Konz
81%
Nord Schweich
76%
Mitte Ruwer
71%
Nord Trier-Land
67%
Keine übereinstimmenden Quizze gefunden
Verteilung der Resultate
Anzahl Personen mit jedem Resultat
Perzentil nach korrekt beantworteten Fragen
Ihre Resultats-Entwicklung
Sie haben dieses Quiz noch nicht gespielt